| 000 | 00430nmm a2200145Ia 4500 | ||
|---|---|---|---|
| 008 | 251105s9999||||xx |||||||||||||||||und|| | ||
| 041 | _aspa | ||
| 100 | _aEspinar, José María | ||
| 245 | 0 | _aEl asesinato de Lord Conan Whitehall | |
| 264 |
_a[Madrid, España] : _bCastalia Ediciones, _c2020 |
||
| 300 | _a384 páginas | ||
| 650 | _aSpanish narrative | ||
| 856 | _uhttps://public.digitaliapublishing.com/a/70395 | ||
| 942 | _cCF | ||
| 999 |
_c106806 _d106806 |
||